000 00215nam a2200097Ia 4500
008 220204s9999 xx 000 0 und d
082 _a82-3
_bHIT
100 _aHitching, Francis
245 0 _aEarth magic
942 _cBK
999 _c32254
_d32254